Geography Quiz

Random Geography or State Quiz

10 Most Populous US States Quiz Stats

 Plays Quiz Updated Mar 27, 2015

Challenge
Share
Tweet
Embed
Score 0/10 Timer 03:00
22 Plays Today
% Correct
California
97.7%
New York
96.2%
Florida
93.2%
Texas
90.4%
Pennsylvania
80.2%
Illinois
78.8%
Ohio
64.4%
Michigan
59.7%
Georgia
50.5%
North Carolina
41.7%

You're not logged in!

Compare scores with friends on all Sporcle quizzes.
OR
Log In

You Might Also Like...

Show Comments

Extras

Top Quizzes Today


Score Distribution

Your Account Isn't Verified!

In order to create a playlist on Sporcle, you need to verify the email address you used during registration. Go to your Sporcle Settings to finish the process.

Report this User

Report this user for behavior that violates our Community Guidelines.

Details: